000
00274nam a2200109 4500
082
_a
338.954IND
245
_a
THIRD FIVE YEAR PLAN
260
_a
GOVERNMENT OF INDIA PLANNING COMMISSION
_b
DAR ES SALAAM
_c
1963
300
_a
XXXV,774P
_b
ILL,;25CM
500
_a
INDEX
942
_c
BK
999
_c
13863
_d
13863